IX Congreso Frutícola Argentino 1970.
Guardado en:
| Autor Corporativo: | |
|---|---|
| Formato: | Libro |
| Idioma: | Spanish |
| Publicado: |
Cipolletti :
EEA INTA Alto Valle,
1970.
|
| Etiquetas: |
Agregar Etiqueta
Sin Etiquetas, Sea el primero en etiquetar este registro!
|
| LEADER | 00994nam a22001455a 4500 | ||
|---|---|---|---|
| 001 | EEA.libagro005471 | ||
| 005 | 20180627111839.0 | ||
| 008 | 130809s1970####ag#a##########100#0#spa#d | ||
| 082 | 0 | 4 | |a 634 |
| 111 | 2 | |a Congreso Frutícola Argentino |n (9 : |d 28 de noviembre al 5 de diciembre 1970 : |c Cipolletti, Río Negro) | |
| 245 | 1 | 0 | |a IX Congreso Frutícola Argentino 1970. |
| 260 | |a Cipolletti : |b EEA INTA Alto Valle, |c 1970. | ||
| 300 | |a 1 v. (sin paginar) : |b il. ; |c 35 cm. | ||
| 505 | 0 | |a Estudio de la calidad de peras y manzanas del Alto Valle del Río Negro / J.C. Prádanos, J. Weigert -- Estudio del control de la sarna de manzano y servicio de alarma en Río Colorado / Daniel A. Bergna ... [et al.] -- Estudio de la población de ácaros en montes de manzanos del Alto Valle del Río Negro / Daniel A. Bergna, Juan C. Prádanos -- Estudio de las causas que afectan la calidad de las frutas de pepita del Alto Valle del Río Negro / J.C. Prádanos. | |
| 859 | |a AR-BbBCA |b BIB. AGRONOMIA |h 634 |i C749 9 1970 |p 1996/2785 | ||
